In the centre of things : The autobiography of Paul Einzig
Spremljeno u:
| Glavni autor: | |
|---|---|
| Format: | Knjiga |
| Jezik: | Undetermined |
| Izdano: |
London
Hutchinson
1960
|
| Teme: | |
| Oznake: |
Dodaj oznaku
Bez oznaka, Budi prvi tko označuje ovaj zapis!
|
| Thư viện lưu trữ: | Trung tâm Học liệu Trường Đại học Cần Thơ |
|---|
| LEADER | 00549nam a2200205Ia 4500 | ||
|---|---|---|---|
| 001 | CTU_82233 | ||
| 008 | 210402s9999 xx 000 0 und d | ||
| 082 | |a 383.1 | ||
| 082 | |b E35 | ||
| 100 | |a Einzig, Paul | ||
| 245 | 0 | |a In the centre of things : | |
| 245 | 4 | |b The autobiography of Paul Einzig | |
| 245 | 0 | |c Paul Einzig | |
| 260 | |a London | ||
| 260 | |b Hutchinson | ||
| 260 | |c 1960 | ||
| 650 | |a Journalists | ||
| 650 | |x Correspondence, reminiscences | ||
| 904 | |i Trọng Hải | ||
| 980 | |a Trung tâm Học liệu Trường Đại học Cần Thơ | ||